[Event "Rohde op 09th"]
[Site "Sautron"]
[Date "2009.10.26"]
[Round "4"]
[White "Pruess, David"]
[Black "Wirig, Anthony"]
[Result "1/2-1/2"]
[WhiteElo "2389"]
[BlackElo "2491"]
[Annotator "Primel,D"]
[PlyCount "69"]
[EventDate "2009.10.24"]
[EventType "swiss"]
[EventRounds "9"]
[EventCountry "FRA"]
[SourceTitle "EXT 2010"]
[Source "ChessBase"]
[SourceDate "2010.11.25"]
[SourceVersion "1"]
[SourceVersionDate "2010.11.25"]
[SourceQuality "1"]
[TimeControl "6000"]
[WhiteClock "0:00:03"]
[BlackClock "0:00:03"]

1. e4 c5 {01h40} 2. Nf3 e6 3. d4 cxd4 4. Nxd4 a6 5. Bd3 d5 {une ligne
secondaire assez douteuse et qui peut difficilement être une ouverture
habituelle dans un répertoire} (5... Bc5 $142) (5... Qc7 $142) (5... Nf6 $142)
(5... g6 $13) 6. exd5 {10 mns de réflexion sur ce coup car les blancs
n'avaient probablement pas prévu cette ligne d5 que le francais a pourtant
utilisé dans quelques parties en 2009} Qxd5 7. O-O Nd7 (7... Nf6 {plus courant}
) 8. Be3 {01h01} Bc5 9. Nc3 {53} Qe5 10. Nf3 ({RR} 10. Bc4 Ngf6 11. Re1 O-O 12.
Bb3 Rd8 13. Na4 Qc7 14. Nxc5 Nxc5 15. Qf3 e5 16. Nf5 Nxb3 17. cxb3 Bxf5 18.
Qxf5 Nd5 19. Bd2 f6 20. Red1 {1/2-1/2 Parligras,M (2605)-Wirig,A (2464)/
Antalya 2009/Mega2009 Update 04}) 10... Qc7 11. Ne4 $6 $146 ({RR} 11. Qd2 Bxe3
12. Qxe3 Ngf6 13. Rfd1 O-O 14. Ne4 b6 15. c4 Bb7 16. Nd6 Ng4 17. Bxh7+ Kxh7 18.
Qd3+ Kg8 19. Nxb7 Ndf6 20. Nd6 Rad8 21. Qd4 Rd7 22. h3 Rfd8 23. c5 bxc5 24. Qa4
Nxf2 25. Kxf2 Rxd6 {Socko,B (2644)-Istratescu,A (2628)/Differdange 2008/CBM
124 Extra/0-1 (48)}) (11. Qe2) 11... Bxe3 12. fxe3 {[%csl Re3]} Ngf6 13. Nfg5 {
[%csl Rf7,Rh7]} Qe5 (13... h6 14. Nxf6+ Nxf6 15. Ne4 Nxe4 16. Bxe4 O-O 17. Qf3
{[%csl Rb7]} f5 18. Bd3 {[%csl Re3]} e5 $132 {[%csl Ge5,Gf5]}) 14. Qe1 {
Les blancs ont réflechi longtemps dans l'ouverture puisqu'à ce moment,
l'américain n'avait plus que 23 mns а la pendule!} O-O 15. Qh4 {[%cal Gd3h7,
Gh4h7] plus que 08mns!} h6 16. Nxf6+ Nxf6 17. Ne4 Nd5 $1 $132 {[%csl Re3] 01h04
} 18. Rae1 {07} b5 {43} 19. Nc5 $5 {[%csl Rb7] Le Bc8 a des difficultés de
développement;} Ra7 {[%cal Ga7c7] 25} 20. Qd4 $1 {force l'échange des Q qui va
améliorer la structure blanche et le P"d4" rendra difficile la réaction "e6e5"}
Qxd4 {26} (20... Qc7 {[%csl Ra7]}) 21. exd4 b4 22. Ra1 $1 {[%cal Ga2a3] Un
coup trés profond et trouvé en zeitnot!} Rc7 23. Rfe1 {07} Rd8 {18} 24. a3 {04}
a5 {12} 25. axb4 axb4 26. Ra8 Ne7 {[%cal Gd8d4] (=)} 27. Na6 {01 Les blancs
refusent la nulle en espérant une faute dans le grand zeintot de l'américain
qui n'avait plus qu'une minute (+ l'incrément) pour passer le contrôle de
temps mais la position est égale.} (27. Nb3 Nc6 $132 {[%csl Rd4]}) 27... Rcd7 {
11} 28. c3 Bxa6 29. Rxd8+ Rxd8 30. Bxa6 Ra8 (30... Nd5) 31. Bb7 Ra2 32. Rb1
bxc3 33. bxc3 Rc2 34. Rb3 Nd5 35. Bxd5 1/2-1/2

[Event "URS-chT Cup 09th"]
[Site "Tbilisi"]
[Date "1976.04.??"]
[Round "4"]
[White "Lutikov, Anatoly S"]
[Black "Karpov, Anatoly"]
[Result "1/2-1/2"]
[WhiteElo "2500"]
[BlackElo "2695"]
[Annotator "Primel,D"]
[PlyCount "57"]
[EventDate "1976.04.15"]
[EventType "team-tourn"]
[EventRounds "7"]
[EventCountry "URS"]
[SourceTitle "EXT 2017"]
[Source "ChessBase"]
[SourceDate "2016.10.25"]
[SourceVersion "1"]
[SourceVersionDate "2016.10.25"]
[SourceQuality "1"]
[WhiteTeam "The Rural Societies"]
[BlackTeam "Soviet Army"]
[WhiteTeamCountry "URS"]
[BlackTeamCountry "URS"]

1. e4 c5 2. Nf3 e6 3. d4 cxd4 4. Nxd4 a6 5. Bd3 g6 6. f4 (6. c4 Bg7 7. Nb3 Ne7
8. Nc3 Nbc6 9. O-O O-O 10. Be2 f5 11. exf5 Nxf5 12. Bf4 b5 $1 13. cxb5 axb5 14.
Bxb5 Ncd4 {Delchev: The Most flexible sicilian}) 6... Bg7 7. Nf3 d6 8. O-O Nc6
9. f5 Nf6 10. Qe1 O-O 11. Qh4 Ne5 12. Nxe5 dxe5 13. fxg6 hxg6 14. Bg5 Qb6+ 15.
Kh1 Nh7 16. Be7 Re8 17. Nd2 Qc7 18. Bb4 b5 19. Nf3 Bb7 20. Bc3 f6 21. a4 Bc6
22. Qg3 Nf8 23. axb5 Bxb5 24. Nd2 g5 25. Ra5 Rab8 26. Nb1 Red8 27. Ra1 Qd6 28.
Na3 Ng6 29. Nxb5 1/2-1/2

[Event "Rohde op 10th"]
[Site "Sautron"]
[Date "2010.10.24"]
[Round "2"]
[White "Bailet, Pierre"]
[Black "Gajewski, Grzegorz"]
[Result "0-1"]
[WhiteElo "2432"]
[BlackElo "2568"]
[Annotator "Primel,D"]
[PlyCount "44"]
[EventDate "2010.10.23"]
[EventType "swiss"]
[EventRounds "9"]
[EventCountry "FRA"]
[SourceTitle "EXT 2012"]
[Source "ChessBase"]
[SourceDate "2011.11.24"]
[SourceVersion "1"]
[SourceVersionDate "2011.11.24"]
[SourceQuality "1"]

1. e4 c5 2. Nf3 e6 3. d4 cxd4 4. Nxd4 a6 5. Bd3 Bc5 6. Nb3 Ba7 {L'ancienne
ligne} (6... Be7 {Plus populaire depuis quelques années}) 7. Nc3 ({RR} 7. Qg4 {
[%csl Rg7]} Nf6 $1 {[%csl Rf2] plus efficace que dans la ligne Be7 car après
Rg2, le P"f2" sera attaqué} 8. Qg3 $1 {[%csl Gg3]} ({RR} 8. Qxg7 $6 Rg8 9. Qh6
Bxf2+ {[%cal Gf6g4,Gg4h6,Gg4f2]} (9... Rxg2) 10. Kf1 ({RR} 10. Kxf2 Ng4+) 10...
Rg6) 8... d6 {[%cal Gd8c7]} 9. Nc3 (9. Bg5) 9... Nc6 10. O-O (10. Bg5 {Svidler,
P (2732)-Smirin,I (2649) EU-Cup 23rd Kemer 2007 (6) 1-0}) 10... Ne5 11. Kh1 h5)
(7. Qe2 {[%cal Gc1e3,Gb1c3,Ge1c1] la ligne principale pour échanger le fort Ba7
} Nc6 8. Be3 d6 (8... Nge7) (8... Bxe3 $143 {Ce coup naturel est probablement
moins précis car il vaut mieux laisser les Blancs jouer Ba7 pour accélérer le
développement des Noirs.} 9. Qxe3 $32 {[%csl Ge3]} Nf6 (9... Nge7 $5 10. Nc3 (
10. Qg3 {[%csl Rg7]} Ng6 11. h4 Qf6 {[%cal Gf6b2,Gf6g7]} 12. Nc3 b5 13. h5 Nf4
14. O-O-O $13) 10... O-O 11. O-O-O d6 12. f4 Qc7 13. g4 b5 14. f5 Ne5 {Alonso
Garcia,R (2398)-Garcia Martinez,S (2395) Capablanca Memorial Premier I 37th
2002 (9) 1/2} (14... b4 $5 $132)) 10. Nc3 d6 11. O-O-O O-O 12. f4 Qc7 13. g4 {
la ligne critique} Nxg4 14. Qg3 $44 {Short,N (2615)-Velikov,P (2475) EU-Cup
Solingen-Slavija 1987 1-0}) 9. Nc3 Nge7 $1 {Anticipant le ooo des Blancs et la
marée de P а l'aile-roi par g4g5} 10. O-O-O b5 (10... O-O 11. f4 b5 12. Bxa7
Rxa7 {[%cal Ga7d7,Ga7c7] L'idée de la variante pour les Noirs} 13. e5 Rd7 $132
{Brunner,L (2525)-Christiansen,L (2560) Bundesliga 8990 1989 [1] 1/2})) (7. c4
d6 8. O-O Nc6 9. Nc3 Nge7 $5 (9... Nf6 10. Qe2 O-O 11. Be3 Bxe3 12. Qxe3 e5 $1
{[%csl Gc8,Rd3][%cal Gc8e6] Un grand théme de la variante Be7 car après
l'échange des B de cases noires, cette poussée e5 donne un bon contre-jeu aux
Noirs} 13. Rfd1 Be6 14. Bf1 Ng4 (14... Rc8 $5) 15. Qg3 $14 (15. Qd3 Qb6 $132 {
[%cal Gb6f2,Gf8d8]}))) (7. O-O Ne7 8. c4 d6 {Van Oosterom,J (2684)-Andersson,U
(2805) NBC Millennium Email 2000 1/2}) 7... Nc6 {Une des différences entre les
variantes Ba7 et Be7, est le fait que dans la ligne Ba7 les Noirs développent
généralement le N en c6 au lieu de d7 dans l'autre variante pour notamment
avoir l'option de reprendre en a7 du N après Qe2 et Be3} 8. Qe2 d6 9. Be3 Nf6 (
{RR} 9... Bxe3 10. Qxe3 Nf6 {RR} 11. O-O-O O-O 12. f4 Qc7 13. Rhg1 b5 14. g4 b4
15. g5 Ne8 16. Ne2 a5 17. Nbd4) 10. O-O-O b5 ({RR} 10... O-O 11. f4 e5 12. Bxa7
Rxa7 13. Qf2 Ng4 14. Qg3 exf4 15. Qxf4 Nge5 16. Be2 b5 17. Nd4 Nxd4 18. Rxd4
Be6 19. Rhd1 Rd7 20. Kb1 Qb8 21. Nd5 Bxd5 22. Rxd5 Re8 23. Qd2 Re6 24. a3 g6
25. g3 {Spraggett,K (2550)-Illescas Cordoba,M (2590)/Cala Galdana 1994/EXT
1997/1-0 (45)}) 11. f4 ({RR} 11. a3 b4) 11... b4 12. Na4 O-O $5 $146 {
Retardant l'habituelle réaction e6e5} ({RR} 12... e5 13. Bxa7 ({RR} 13. fxe5
Nxe5 ({RR} 13... dxe5 14. Bxa6) 14. Bxa7 Rxa7) 13... Rxa7 14. f5 O-O 15. g4 ({
RR} 15. Bc4 Ne8 16. Qe3) 15... Bd7 16. g5 Ne8 17. Qe3 ({RR} 17. Rhg1 Nb8 18.
Qh5 Bxa4 19. Rg3 Bb5 20. Rh3 h6 21. f6 Nxf6 22. gxf6 Qxf6 23. Rf3 Qe6 24. Rg1
Kh7 25. Nd2 Rc7 26. Kb1 Nc6 27. Rfg3 g6 28. Qh4 Qe7 29. Qg4 Nd4 30. h4 h5 31.
Qd1 Qxh4 {Prie,E (2470)-Stefansson,H (2495)/Reykjavik 1993/CBM 035/[Blatny,P]/
0-1 (42)}) ({RR} 17. Bc4 Nb8 18. Qe3 Rb7) 17... Rb7 18. Bxa6 Rb8 19. Bc4 Kh8
20. Qd2 Na5 21. Nxa5 Qxa5 22. b3 Rc8 23. Qd5 Qa7 24. Kb1 Qe3 25. Rhe1 Qxg5 26.
Nb6 Bc6 27. Qa5 {Yakovich,Y (2510)-Emms,J (2450)/Cappelle la Grande 1993/TD/
1-0 (45)}) 13. Bxa7 (13. g4 $5 Bxe3+ 14. Qxe3 Nxg4 15. Qg3 e5 {[%cal Gc8g4]}
16. f5 Qg5+ $1 17. Rd2 (17. Kb1) 17... Qf4 18. Nb6 $44 {[%cal Gb6a8,Gb6d5]})
13... Rxa7 {[%csl Ga7]} 14. Qf2 (14. g4 $142 $5 {[%cal Gg4g5] Plus incisif et
thématique pour profiter du gait que les Noirs ont joué Nf6 et non pas Ne7})
14... Nd7 $5 {La position noire est trés solide et il n'est pas facile
d'améliorer la position des Blancs.} 15. Nd4 $6 {Trop lent et après la poussée
e5, le N va perdre un nouveau tempo, au surplus la faiblesse "d6" peut
difficilement être attaquée sans dégager la colonne "d" pour les pièces
lourdes.} (15. g4) (15. Kb1 $5 {Ce coup prophylactique ne peut pas être mauvais
}) (15. h4 $5 {Un plan plus naturel} Rc7 16. h5 h6 (16... Bb7 17. h6 $36 g6 {
[%csl Rg7]}) 17. g4 Bb7 18. g5 $132) 15... Rc7 {[%csl Rc2][%cal Gc7c2]} 16. Kb1
Bb7 17. Rhe1 $6 {Centralise la R mais les Blancs donnent l'impression dans
cette phase de jeu de jouer sans plan. La poussée e4e5 est difficile а réaliser
} Qb8 $1 {[%cal Gf8c8]} (17... Qe7) 18. Nf3 {[%cal Ge4e5] Ce N peine а trouver
une bonne case dans la partie} e5 $1 $36 {[%csl Rd3,Re1,Rf3] Le GMI pare non
seulement la meance e4e5 mais après la réaction e6e5, les pièces Blanches sont
assez mal placées et Pierre peut difficilement profiter de l'affaiblissement
de la case "d5"} 19. f5 (19. Bc4 $6 Nd4 20. Bb3 (20. Nxd4 Rxc4 21. fxe5 dxe5 (
21... Nxe5 22. b3 $132) 22. Nf5 Bxe4 {[%csl Rc2]}) 20... Nxb3 $17) 19... Ne7 $1
$36 {[%cal Gd7f6,Gd6d5]} 20. Nb6 $2 (20. b3 {[%cal Gb3a4] Assez laid mais la
position Blanche tient encore} Bc6 (20... d5 $5) 21. Nb2 (21. Qh4 {[%cal Gh4e7]
}) 21... d5) 20... Qa7 $19 {[%csl Rf2]} 21. f6 Ng6 22. fxg7 Kxg7 0-1

[Event "FRA-ch 58 Championnat"]
[Site "Belfort"]
[Date "1983.08.23"]
[Round "11"]
[White "Bernard, Christophe"]
[Black "Manouck, Thierry"]
[Result "0-1"]
[WhiteElo "2335"]
[BlackElo "2375"]
[Annotator "Primel,D"]
[PlyCount "81"]
[EventDate "1983.08.12"]
[EventType "tourn"]
[EventRounds "15"]
[EventCountry "FRA"]
[EventCategory "2"]
[SourceTitle "EXT 2016"]
[Source "ChessBase"]
[SourceDate "2015.10.08"]
[SourceVersion "1"]
[SourceVersionDate "2015.10.08"]
[SourceQuality "1"]
[TimeControl "40/9000:16/5400:0"]

1. Nf3 c5 2. e4 e6 3. d4 cxd4 4. Nxd4 a6 {T MANOUCK jouait un peu à l'époque
la sicilienne et sans surprise il choisit une variante très solide} 5. Bd3 Bc5
6. Nb3 Ba7 7. Qe2 $5 {[%cal Gc1e3] C BERNARD dévie le premier de sa partie de
la ronde 9. L'idée de Qe2 est de jouer rapidement Be3, puis Nc3 gardant
l'option du roque sur les deux ailes en fonction du plan des Noirs} (7. O-O Nc6
8. Qe2 {Bernard,C (2335)-Cerisier,P (2200) FRA-ch 58th Belfort 1983 (9) 1/2}) (
7. Qg4 $5 {Moins fort face à la variante Qa7 au lieu de Be7} Nf6 8. Qg3 (8.
Qxg7 $6 Rg8 9. Qh6 Bxf2+ {[%cal Gf6g4] C'est la différence avec la varainte
Be7})) 7... d6 8. Be3 Bxe3 $6 {Accélère le développement des Blancs} (8...
Nc6 $142 9. Nc3 Nge7 $11) 9. Qxe3 Nf6 10. Nc3 Qc7 (10... Nc6 11. O-O-O O-O 12.
f4 $14) 11. O-O-O $32 {[%csl Re8] Le défaut habituel de la Kan est sa lenteur
mais le choix de l'échange des B en "e3" a accentué ce problème et la
position Noire n'est pas très saine.} O-O 12. Rhg1 $6 $146 {Probablement une
erreur dans l'ordre de coups} (12. f4 $142 {Plus souple et plus naturel} Nc6
13. Rhg1 {Salov,V-Loginov,V URS Soviet Union 1979 1-0} (13. g4)) (12. g4 $5
$146 Nxg4 13. Qg3 {[%cal Gh1g1]} Nf6 14. Rhg1 g6 $13) 12... e5 $1 {[%csl Rd3]
Un thème important après l'échange des B de cases Noires} 13. Be2 Be6 14. g4
Rd8 15. g5 Nfd7 16. Bg4 $6 Nf8 17. g6 $6 (17. h4 $142) 17... Nxg6 {[%csl Gf4]
Le N a la case "f4" et les compensations des Blancs sont insuffisantes} 18.
Bxe6 fxe6 19. h4 Nc6 20. Rg4 (20. h5 Nf4 21. h6 g6) 20... Nf4 $1 21. Rdg1 Rd7 {
[%cal Gd7g7]} 22. h5 Rf8 $17 {Les Noirs ont enfin terminé le developpement et
l'initiative des Blancs ne parait pas trop dangereuse} 23. h6 (23. Ne2 Nb4 $40)
(23. Kb1 d5) 23... g6 24. Rd1 Rf6 (24... d5 $36 {[%csl Gd5,Ge5]}) 25. Kb1 Qd8
26. Ne2 Nxe2 27. Qxe2 Qf8 $40 {[%cal Gf8h6,Gf6f2]} 28. Qc4 Nd8 $1 {[%csl Rh6]
[%cal Gd8f7]} 29. Rgg1 Nf7 30. Rgf1 Nxh6 31. f3 Nf7 $1 {[%cal Gf7d6] Les Noirs
passent à la phase technique de réalisation de l'avantage matériel} 32. a4
Qd8 33. Qc3 Qc7 34. Qb4 Nd8 35. Qd2 Qc4 36. a5 Nc6 (36... d5) 37. Qg5 Rf4 38.
Rh1 Nd8 39. Rd3 Qc7 40. Rc3 Nc6 41. Rd1 0-1

[Event "Syre Memorial op 29th"]
[Site "Issy les Moulineaux"]
[Date "2006.05.26"]
[Round "3"]
[White "Roser, Kevin"]
[Black "Shchekachev, Andrei"]
[Result "1/2-1/2"]
[WhiteElo "2373"]
[BlackElo "2592"]
[Annotator "Primel,D"]
[PlyCount "124"]
[EventDate "2006.05.25"]
[EventType "swiss"]
[EventRounds "6"]
[EventCountry "FRA"]
[SourceTitle "EXT 2007"]
[Source "ChessBase"]
[SourceDate "2006.11.23"]
[SourceVersion "1"]
[SourceVersionDate "2006.11.23"]
[SourceQuality "1"]

1. e4 c5 2. Nf3 e6 3. d4 cxd4 4. Nxd4 a6 5. Bd3 Bc5 (5... Nf6 6. O-O Qc7) 6.
Nb3 Be7 (6... Ba7 {l'alternative mais qui se joue moins maintenant} 7. Qe2 Nc6
8. Be3 Bxe3 9. Qxe3 Nf6 10. Nc3 d6 11. O-O-O O-O 12. f4 Qc7 13. Rhg1 b5 14. g4
b4 15. g5 Ne8 16. Ne2 a5 {[%csl Rb3][%cal Ga5a4] Avec la course de vitesse
classique sur les ailes opposées.}) 7. O-O d6 8. f4 (8. c4 {mène а des
positions de milieu de jeu de type hérisson où les blancs conservent un petit
avantage d'espace.} Nf6 9. Nc3 Qc7 10. Be3 Nbd7) (8. Nc3 b5) (8. Qg4 $5 {
Une idée interessante pour affaiblir les cases noires} g6 9. Qe2 Nd7 10. Nc3 (
10. f4 Qc7 11. c4 {Calistri,T (2279)-Primel,D (2129) Championnat de Paris 2002
(5) 1/2}) 10... Qc7 11. Bd2 $1 {[%cal Ga1e1,Gf2f4,Ge4e5]} b6 12. Rae1 Bb7 13.
Kh1 h5 $5 {Une idée du GMI suédois AGREST} 14. Nd4 Ngf6 15. h3 h4 {[%csl Rg3]})
8... Nc6 (8... Nd7 $1 {Plus souple et davantage dans l'esprit du hérisson} 9.
Qf3 Ngf6 10. Nc3 Qc7 11. Kh1 b6 {Khairallah,F (2283)-Shchekachev,A (2570)
Paris-ch 2004 (3) 1/2}) 9. Nc3 ({RR} 9. Qe2 Qc7 10. c4 Nb4 11. Nc3 Nxd3 12.
Qxd3 Nf6 13. Nd4 O-O 14. b3 b6 15. Bb2 Bb7 16. Qg3 Rfe8 17. Rae1 Bf8 18. Kh1
Rac8 19. e5 dxe5 20. fxe5 Nd7 21. Qf4 Re7 22. Re3 Rd8 23. Nce2 Qc8 {De la Riva
Aguado,O (2462)-Ivanchuk,V (2719)/Istanbul 2000/EXT 2001/1/2-1/2}) 9... Bf6
$146 {[%cal Gg8e7] Une nouveauté intéressante} ({RR} 9... Nf6 {RR} 10. Qe2 Qc7
11. Bd2 O-O 12. Rae1 g6 13. Kh1 b5 14. a3 Bb7 15. Rf3 Rfe8 16. Ref1 Bf8 17. Nd1
d5 18. e5 Ne4 19. Bc1 Nc5 20. Nxc5 Nd4 21. Qf2 Bxc5 22. Rh3 Nf5 23. Qe1 Qe7 24.
Nf2 h5 {Alzate,D (2427)-Sirias Martinez,D (2285)/Mallorca 2004/CBM 104/0-1 (44)
}) 10. Bd2 Nge7 11. Kh1 Ng6 12. Qh5 {[%csl Rh7]} b5 13. a3 Rb8 14. Rae1 b4 15.
Nd1 e5 16. f5 Nf4 17. Bxf4 exf4 18. Rxf4 Ne5 19. Qe2 a5 (19... Nxd3 20. Qxd3
bxa3 $11) 20. axb4 Rxb4 21. Nd2 O-O 22. c3 Rb8 23. Rf2 Re8 24. Nf3 Ng4 25. Rff1
Bb7 26. h3 Ne5 27. Nxe5 Bxe5 28. Qg4 Bc6 29. Re2 Bf6 30. Rfe1 a4 {[%csl Rb2]}
31. Bc4 {(=)} Rb7 {Refuse la nulle mais dans un tournoi en 6 rondes, perdre un
1/2 point peut-être très préjudiciable.} 32. Qf3 (32. Bd5 $5 Qc7 (32... Bxd5
33. exd5 Rxe2 34. Rxe2 Qa8) 33. Ne3) 32... Qb8 33. Bd5 Bxd5 34. exd5 Rxe2 35.
Rxe2 Be5 36. Qd3 h6 37. Qc2 Rb3 38. Qd3 a3 $1 39. bxa3 Rxa3 40. g4 Qd8 {
[%csl Rh3,Rh4][%cal Gd8h4]} 41. Kg2 h5 $1 42. Qf3 hxg4 43. hxg4 Qg5 44. Nf2
Rxc3 45. Rxe5 $1 {espérant construire une forteresse} Rxf3 46. Re8+ Kh7 47.
Kxf3 Qd2 48. Ne4 Qxd5 49. Rd8 Qd1+ 50. Kf4 Qc1+ 51. Kf3 Qf1+ 52. Ke3 Qc1+ 53.
Kf3 f6 54. Rxd6 Kg8 55. Re6 {(=)} Qf1+ 56. Kg3 Qd3+ 57. Kf4 Qc4 58. Rd6 Kf8 59.
Rd2 Qc1 60. Kf3 Ke7 61. Re2 Kd7 62. Ng3 Kc6 {La seule nulle du tournoi pour le
GMI} 1/2-1/2

[Event "Cappelle op 32nd"]
[Site "Cappelle la Grande"]
[Date "2016.02.15"]
[Round "4"]
[White "Wan, Yunguo"]
[Black "Pogorelov, Ruslan"]
[Result "1-0"]
[WhiteElo "2485"]
[BlackElo "2345"]
[Annotator "Primel,D"]
[PlyCount "123"]
[EventDate "2016.02.13"]
[EventType "swiss"]
[EventRounds "9"]
[EventCountry "FRA"]
[SourceTitle "EXT 2017"]
[Source "ChessBase"]
[SourceDate "2016.10.25"]
[SourceVersion "1"]
[SourceVersionDate "2016.10.25"]
[SourceQuality "1"]
[TimeControl "40/5400+30:1800+30"]
[WhiteClock "1:30:00"]
[BlackClock "1:30:00"]

1. e4 c5 2. Nf3 e6 3. d4 cxd4 4. Nxd4 a6 5. Bd3 Nf6 6. O-O Qc7 (6... d6 7. c4
Be7 8. Nc3 O-O 9. b3 b6 10. Bb2 Bb7 11. f4 Nbd7 12. Qf3 Re8 13. Rae1 Bf8 14.
Qh3 g6 15. Nf3 Bg7 16. Ng5 (16. e5 Nh5 17. Ng5) 16... h6 17. Nxf7 $40 {Perovic,
D (2350)-Plachetka,J (2450) Vienna op2 1986 0-1}) 7. Qe2 (7. c4 Nc6) 7... d6 8.
f4 Nc6 (8... g6 9. f5 Bg7 10. fxe6 fxe6 11. Bg5 O-O 12. Nd2 Nc6 13. Nxc6 Qxc6
14. Rf2 Bd7 15. Raf1 Qc5 16. e5 dxe5 17. b4 Qa7 18. c4 e4 19. Bxe4 Nxe4 20.
Nxe4 Rxf2 21. Rxf2 Rf8 22. c5 Rxf2 23. Qxf2 Qb8 24. Nf6+ Bxf6 25. Bxf6 Qf8 26.
Qd4 Bc6 27. a3 Bd5 28. Qf4 Qf7 29. h3 Bc6 30. Qb8+ Qe8 31. Qf4 Qf7 32. Qe5 Qd7
33. Bh8 Qf7 34. Bf6 Qd7 35. Qb8+ Qe8 36. Qf4 Qf7 37. Kh2 e5 38. Qxe5 {Predke,A
(2518)-Ponkratov,P (2604) Khanty-Mansiysk 2015 1/2-1/2}) 9. Nxc6 bxc6 10. c4
Be7 11. b3 O-O 12. Bb2 Bb7 13. Nd2 c5 $146 (13... Rfd8 14. Rac1 a5 15. Bb1 a4
16. Qd3 e5 17. Qh3 axb3 18. axb3 Bc8 19. Qc3 Rb8 20. Kh1 Qb6 21. fxe5 dxe5 22.
Nf3 Qxb3 23. Qxb3 Rxb3 24. Bxe5 Ng4 25. h3 Nxe5 26. Nxe5 Be6 27. Nxc6 Rd7 28.
Nxe7+ Rxe7 29. Rfd1 g6 30. c5 Rc7 31. Ba2 Re3 32. Bxe6 fxe6 33. Rc4 Ra3 34. Kg1
Ra5 35. c6 Raa7 36. Kf2 Kf7 37. Rc5 Ke7 38. e5 Ra6 39. Rdc1 Ra4 40. R1c4 Ra6
41. Kg3 Kf7 42. Kf4 Kg7 43. h4 {Mesa Garcia,A (1638)-Salas Rasilla,C (1809)
Salou 2011 1/2-1/2}) 14. e5 dxe5 15. fxe5 Nd7 16. Rae1 Rad8 17. Bb1 Nb8 18. Ne4
Bxe4 19. Qxe4 g6 20. h4 Nc6 21. Qg4 Nd4 22. h5 Kh8 23. Qf4 g5 24. Qe4 f5 25.
exf6 Bxf6 26. b4 Nf3+ $1 27. Qxf3 Bxb2 28. Qxf8+ Rxf8 29. Rxf8+ Kg7 30. Ref1
Bd4+ 31. Kh1 {[%csl Rg7,Gh1] Du point de vue matèriel, la position est égale
mais le K Noir est nettement plus en danger} g4 32. R8f7+ $1 Qxf7 33. h6+ $1 {
[%csl Gh6,Rh7] Un important coup intermédiaire} Kg8 34. Rxf7 Kxf7 35. b5 (35.
Bxh7 cxb4) 35... axb5 36. cxb5 c4 37. Bxh7 g3 $5 {[%csl Rh1]} 38. Bc2 Be3 39.
h7 Kg7 40. a4 $40 {[%csl Ga4,Gb5] Malgré les B de couleurs opposées, les
Blancs ont des chances de gain} Bb6 41. a5 $1 Bxa5 42. Kg1 Bb6+ 43. Kf1 Kh8 44.
Ke2 Kg7 45. Be4 (45. Kf3) 45... Kh8 46. Kd2 Bd4 47. Kc2 Kg7 48. Kb1 $1 {
[%cal Gb1a2,Ga2a5]} Kh8 49. Ka2 Bc5 50. Kb2 Bd4+ 51. Ka3 Bc5+ 52. Ka4 Bb6 53.
Kb4 Kg7 54. Kxc4 Kh8 55. Kd3 Kg7 56. Bg6 Kh8 57. Ke4 Bc7 58. Kd4 Bd6 59. b6 Kg7
60. Be4 Kh8 61. b7 Kg7 62. Kc4 1-0